|
|
|
|
| LEADER |
02147nem a2200421 a 4500 |
| 001 |
mzk03001178701 |
| 003 |
CZ BrMZK |
| 005 |
20160106113547.0 |
| 007 |
aj|canzn |
| 008 |
090121s1738 fr ii|||||a|||r|0|||fre|d |
| 034 |
1 |
|
|a a
|b 1900000
|d W0051000
|e E0091515
|f N0510300
|g N0423600
|
| 040 |
|
|
|a BOE950
|b cze
|
| 043 |
|
|
|a e-fr---
|
| 072 |
|
7 |
|a 912:904
|x Staré mapy
|2 Konspekt
|9 7
|
| 080 |
|
|
|a (44)
|2 MRF
|
| 080 |
|
|
|a (084.3)
|2 MRF
|
| 100 |
1 |
|
|a Jaillot, Bernard-Jean-Hyacinthe,
|d 1673-1739
|7 mzk2009532461
|4 aut
|
| 245 |
1 |
0 |
|a Nouvelle carte des Postes de France par ordre et dédiée a Son Altesse Sérénissime Monseigneur le Duc
|h [kartografický dokument] :
|b Corrigée augmentée le I. Janvier 1738 /
|c Par son tres humble et tres obeissant Serviteur Bernard Jaillot, Geographe ordinaire du Roy
|
| 255 |
|
|
|a Měřítko [ca 1:1 900 000]. 5,9 cm = 30 Petites Lieues de France = 25 Lieues Communes de France = 20 Grandé Lieues de France ou dune heure de Chemin = 18 Lieues Communes de Fr. de Gascogne de Provece et del Dauphin
|c (005°10´00" z.d.--009°15´15" v.d./051°03´00" s.š.--042°36´00" s.š.)
|
| 260 |
|
|
|a Paris :
|b chez le Sr. Jaillot,
|c 1738
|
| 300 |
|
|
|a 1 mapa :
|b ručně kolorovaná mědirytina ;
|c 49 x 63 cm, na listu 52 x 66 cm, složeno na 27 x 33,5 cm
|
| 500 |
|
|
|a Výzdoba: Vlevo dole ozdobná kartuše, nad ní dvojice andělů se znakem, pod kartuší žánrový výjev z pošty. Vpravo nahoře vysvětlivky. V mapovém rámci geografické souřadnice
|
| 510 |
3 |
|
|a IDS Basel Bern
|
| 561 |
|
|
|a Provenience: [stará signatura] 22. 19.
|
| 561 |
|
|
|a Provenience: [stará signatura] A 40
|
| 561 |
|
|
|a Provenience: [m.p.] Frankreich Postkarte
|
| 655 |
|
7 |
|a staré mapy
|7 fd674099
|2 czenas
|
| 651 |
|
7 |
|a Francie
|7 ge129152
|2 czenas
|
| 700 |
1 |
|
|a Jaillot, Bernard-Antoine,
|d zemř. 1749
|4 aut
|
| 903 |
|
|
|a RP
|
| 910 |
|
|
|e BOE950
|c R - CCLXVII (I.I.a)
|
| 978 |
|
|
|b Jaillot, Bernard-Jean-Hyacinthe
|a Paris
|c 1738
|
| 984 |
|
|
|a Paříž
|b Francie
|
| 985 |
|
|
|a 1701-1750
|
| 990 |
|
|
|a MP
|
| 996 |
|
|
|e BOE950
|c R - CCLXVII (I.I.a)
|
| 991 |
|
|
|k rajhrad
|
| 980 |
|
|
|c 290542
|g R - CCLXVII (I.I.a)
|d 20090121
|t 5
|1 328100290542
|z KR
|